000 00376 a2200169 4500
001 72609
020 _a8570563612
040 _cAnchieta - Colégio São Paulo
100 _aJosé, Ganymédes
240 1 0 _aO príncipe fantasma
_lpor
245 1 0 _aO príncipe fantasma
300 _a95
362 0 _a1996
440 1 _aAtual
650 4 _aLiteratura juvenil
942 _cBK
999 _c72609
_d72609